| Tag |
First Indicator |
Second Indicator |
Subfields |
| LEADER |
00000cam a2200000 a 4500 |
| 001 |
in00000926621 |
| 005 |
20150924201619.0 |
| 008 |
881213s1989 nyu 00010 eng |
| 010 |
|
|
|a 88035195
|
| 020 |
|
|
|a 0826403212
|
| 020 |
|
|
|a 0826403220 (pbk.)
|
| 035 |
|
|
|a (OCoLC)18962027
|
| 035 |
|
|
|9 AEQ8425AM
|
| 040 |
|
|
|a DLC
|c DLC
|d TXA
|d UtOrBLW
|
| 041 |
1 |
|
|a eng
|a ger
|
| 049 |
|
|
|a TXAM
|c [A13448751]
|
| 050 |
0 |
0 |
|a PT2611.R814
|b A25 1989
|
| 082 |
0 |
0 |
|a 838/.91209
|2 19
|
| 100 |
1 |
|
|a Frisch, Max,
|d 1911-1991.
|
| 240 |
1 |
0 |
|a Works.
|k Selections.
|l English.
|f 1989
|
| 245 |
1 |
0 |
|a Novels, plays, essays /
|c Max Frisch ; edited by Rolf Kieser ; foreword by Peter Demetz.
|
| 264 |
|
1 |
|a New York :
|b Continuum,
|c 1989.
|
| 300 |
|
|
|a xvi, 353 pages ;
|c 22 cm.
|
| 336 |
|
|
|a text
|b txt
|2 rdacontent
|
| 337 |
|
|
|a unmediated
|b n
|2 rdamedia
|
| 338 |
|
|
|a volume
|b nc
|2 rdacarrier
|
| 490 |
1 |
|
|a The German library ;
|v v. 90
|
| 504 |
|
|
|a Includes bibliographical references.
|
| 700 |
1 |
|
|a Kieser, Rolf,
|d 1936-
|
| 830 |
|
0 |
|a German library ;
|v v. 90.
|
| 999 |
|
|
|a MARS
|
| 999 |
f |
f |
|s 7e115b70-3bd2-3c95-82ab-26996a3ee8f1
|i b75969b5-31ad-3c60-9f7b-abb6c1b43e88
|t 0
|
| 952 |
f |
f |
|p normal
|a Texas A&M University
|b College Station
|c Sterling C. Evans Library
|d Evans: Library Stacks
|t 0
|e PT2611.R814 A25 1989
|h Library of Congress classification
|i unmediated -- volume
|m A14813448751
|
| 998 |
f |
f |
|a PT2611.R814 A25 1989
|t 0
|l Evans: Library Stacks
|